Missing Word: '90s Bands Quiz Stats

Quiz Updated Sep 29, 2016

Challenge
Share
Tweet
Embed
Score 0/24 Timer 02:00
9 Plays Today
'90s Band Missing Word % Correct
Foo ______Fighters
97.9%
______ DoubtNo
93.8%
______ PumpkinsSmashing
92.8%
Nine Inch ______Nails
91.2%
______ JamPearl
87.4%
Hootie and the ______Blowfish
87.2%
______ Against the MachineRage
86.6%
The ______ ______ DollsGoo
82.3%
Third Eye ______Blind
81.6%
______ CrowsCounting
81.6%
Crash Test ______Dummies
81.5%
Alice in ______Chains
80.4%
'90s Band Missing Word % Correct
______ DayGreen
76.6%
Stone ______ PilotsTemple
71.1%
The ____ of the United StatesPresidents
55.3%
4 Non ______Blondes
53.7%
Blind ______Melon
52.9%
Sonic ______Youth
48.7%
______ BlossomsGin
44.6%
______ AsylumSoul
41.1%
______ The Wet SprocketToad
37.3%
______ SoulCollective
29.6%
______ For PyrosPorno
28.3%
______ PuppetsMeat
22.9%

Today's Daily Dose

You're not logged in!

Compare scores with friends on all Sporcle quizzes.
Sign Up with Email
OR
Log In

You Might Also Like...

Show Comments

Extras

Top Quizzes Today


Score Distribution

Your Account Isn't Verified!

In order to create a playlist on Sporcle, you need to verify the email address you used during registration. Go to your Sporcle Settings to finish the process.